国際連合非自治地域リスト - Statistics

General Stats
  • This quiz has been taken 59 times
  • The average score is 5 of 17
Answer Stats
Hint Answer % Correct
領土係争中 西サハラ
65%
アメリカ海外領土 グアム
60%
フランス海外領土 ニューカレドニア
43%
アメリカ海外領土 アメリカ領ヴァージン諸島
38%
イギリス海外領土 イギリス領ヴァージン諸島
35%
イギリス海外領土 フォークランド諸島
35%
アメリカ海外領土 アメリカ領サモア
35%
イギリス海外領土 ケイマン諸島
33%
イギリス海外領土 バミューダ
25%
フランス海外領土 フランス領ポリネシア
25%
イギリス海外領土 アンギラ
18%
イギリス海外領土 ジブラルタル
18%
イギリス海外領土 セントヘレナ
13%
イギリス海外領土 モントセラト
13%
イギリス海外領土 タークス・カイコス諸島
10%
イギリス海外領土 ピトケアン諸島
10%
ニュージーランド領 トケラウ
8%
No matching quizzes found
Score Distribution
Percent of People with Each Score
Percentile by Number Answered
Your Score History
You have not taken this quiz